Catálogo

EL SER : (Registro nro. 55390)

Detalles MARC
000 -LEADER
fixed length control field 00823nam a2200205 a 4500
001 - CONTROL NUMBER
control field 55390
005 - DATE AND TIME OF LATEST TRANSACTION
control field 20180714050655.0
008 - FIXED-LENGTH DATA ELEMENTS--GENERAL INFORMATION
fixed length control field 140415s1997 sp 000 0 spa d
020 ## - INTERNATIONAL STANDARD BOOK NUMBER
International Standard Book Number 8431315202
041 ## - LANGUAGE CODE
Language code of text/sound track or separate title spa
082 ## - DEWEY DECIMAL CLASSIFICATION NUMBER
Classification number 121.2
Item number POL
100 1# - MAIN ENTRY--PERSONAL NAME
Personal name Polo, Leonardo,.
245 13 - TITLE STATEMENT
Title EL SER :
Remainder of title LA EXISTENCIA EXTRAMENTAL
250 ## - EDITION STATEMENT
Edition statement 2a ed.
260 ## - PUBLICATION, DISTRIBUTION, ETC.
Place of publication, distribution, etc. ESPAÑA :
Name of publisher, distributor, etc. UNIVERSIDAD DE NAVARRA,
Date of publication, distribution, etc. 1997
300 ## - PHYSICAL DESCRIPTION
Extent 338
Dimensions 14.5 x 1.7 x 21.3
490 ## - SERIES STATEMENT
Series statement EDUCATIONAL RESEARCH AND INNOVATION
520 ## - SUMMARY, ETC.
Summary, etc. EL PRESENTE LIBRO SE PUBLICO POR PRIMERA VEZ EN 1965, ESTA SEGUNDA EDICION CONSERVA EL CONTENIDO DE LA PRIMERA CASI INALTERADO PORQUE SUA AUTOR SIGUE MENTENIENDO EL PROPOSITO AL QUE EL LIBRO OBEDECE.
650 14 - SUBJECT ADDED ENTRY--TOPICAL TERM
Topical term or geographic name entry element EXISTENCIALISMO
General subdivision TEORIA DEL CONOCIMIENTO IDEA (FILOSOFIA)
-- FILOSOFIA DE LA COGNICION
Existencias
Withdrawn status Lost status Source of classification or shelving scheme Damaged status Not for loan Collection code Home library Current library Shelving location Date acquired Source of acquisition Inventory number Total Checkouts Full call number Barcode Date last seen Price effective from Koha item type
    Dewey Decimal Classification     General Centro de Estudios en Ciencia y Religión Centro de Estudios en Ciencia y Religión Sala general 03/12/2013 Compra 151000000000000000078141   121.2 POL 83084 05/01/2026 20/11/2015 Libro